000 01971nam a22003617a 4500
999 _c18157
_d18157
005 20220510154246.0
008 160219b2015 ck abdo|r|||| 00| 0 spa d
020 _a9789588889542
040 _aCO-BoIAVH
_cCO-BoIAVH
041 0 _aspa
044 _ack
082 0 4 _a304.2
_bH71t4
100 1 _aNieto Díaz, Margarita
245 1 0 _aServicios ecosistémicos.
_bProvisión y regulación hídrica en los páramos /
_cMargarita Nieto, Luisa Fernanda Cardona y Catherine Agudelo
246 0 0 _aServicios ecosistémicos.
_bProvisión y regulación hídrica en los páramos
250 _aPrimera edición
260 _aBogotá :
_bInstituto de Investigación de Recursos Biológicos Alexander von Humboldt,
_c2015.
300 _a96 páginas :
_bilustraciones, mapas, diagramas y fotografías a color ;
_c21 x 30 cm.
490 0 _aColección hojas de ruta: Guías para estudio socioecológico de altamontaña en Colombia ;
_v4
504 _aIncluye referencias bibliográficas: páginas 91-95.
505 0 _a1. Punto de partida.
505 0 _a2. Recorriendo el camino.
505 0 _a3. Otros caminos.
520 _aDesde la perspectiva de servicios ecosistémicos se propone hacer visibles las contribuciones de los ecosistemas al bienestar humano. Esto resulta ser una oportunidad para realizar una lectura de las relaciones que se dan sobre un territorio entre las dinámicas biofísicas de los ecosistemas de páramo y las diferentes valoraciones, percepciones y usos por parte de beneficiarios directos e indirectos de este ecosistema, en los niveles regional y local.
650 6 _aServicios de los ecosistemas
650 4 _aServicios ecosistémicos
650 6 _aPáramos
650 6 _aRecursos hídricos
700 1 _aCardona, Luisa Fernanda
700 1 _aAgudelo, Catherine
710 2 _aInstituto de Investigación de Recursos Biológicos Alexander von Humboldt.
942 _2ddc
_cLIBRO
_03